Statistics for Oregon: Is it a county or not???

Click here to take the quiz!

General Stats

  • This quiz has been taken 33 times
  • The average score is 12 of 15

Answer Stats

HintAnswer% Correct
FranklinF
100%
BakerT
100%
WashingtonT
100%
GarfieldF
88%
WillametteF
88%
JeffersonT
88%
LincolnT
88%
BentonT
88%
ClackamasT
88%
PortlandF
75%
SalemF
75%
LinnT
75%
ThomasF
63%
NewtonF
63%
LaneT
63%

Score Distribution

Percentile by Number Answered

Percent of People with Each Score

Your Score History

You have not taken this quiz